| 000 | 00658pam a2200157 a 4500 | ||
|---|---|---|---|
| 020 | _a0309030684 (pbk.) : | ||
| 082 | 0 | 0 |
_a625.80287 _bNAT |
| 245 | 0 | 0 |
_aEvaluation and analysis of flexible pavement components and properties / _cTransportation Research Board, Commission on Sociotechnical Systems, National Research Council. |
| 260 |
_aWashington, D.C. : _bNational Academy of Sciences, _c1980. |
||
| 300 |
_aiv, 51 p. : _bill. ; _c28 cm. |
||
| 526 |
_a0 _b0 _c0 _d625_802870000000000_NAT |
||
| 650 | 0 |
_aPavements, Flexible _xTesting. _943849 |
|
| 650 | 0 |
_aRoad materials _xTesting. _921230 |
|
| 710 | 2 |
_aNational Research Council (U.S.). _920017 |
|
| 942 |
_2ddc _cBK |
||
| 999 |
_c547706 _d547706 |
||